000 00969nas a2200277 4500
001 BR0705108
003 BR-BrBNA
005 20231205111139.0
007 ta
008 230509b bl.|||p| |||| 00| 00por d
040 _aBR-BrBNA
_bpor
_cBiblioteca Nacional de Agricultura
041 _a(Pt)
072 _aL53; L40
100 1 _aAlexandrino, A.C.
100 1 _aRigolino, M.G.
100 1 _aArana, S.
100 1 _aPinheiro, E.F.G.
245 1 _aCiclo reprodutivo de Salmo Irideus Gibbons (Pisces, Salmoniformes)mantidos em sistema de cultivo intensivo: caracterização macroscópica e microscópica dos testículos
650 _aHISTOLOGIA
650 _aCICLO ESTRAL
650 _aPEIXE
650 _aTESTÍCULO
773 0 _tRevista da Faculdade de Medicina Veterinária e Zootecnia da Universidade de São Paulo (Brazil)
_xISSN 0303-7525
_g(1987), v. 24(2) p. 169-180
_wBR0705108
909 _a202311
_bLúcia
_c55
_dLúcia Elande
942 _2AGRIS
_n0
_cANA
999 _c190954
_d190954